000 00843cam a22002777a 4500
003 CHAP
005 20220329134128.0
008 971013s1948 r 00010 d
010 _a15836
011 _a16808
035 _a20890
040 _cCHAP
082 _a581.1335
_bH63
100 0 0 _aHoagland, Dennies Robert.
_955685
245 0 _aLectures on the inorganic nutrition of plants
260 _aWaltham :
_bChronica Botanica,
_c1948
300 _a226 p.
_b: ilus.
590 _aBATCH-UPD
_b10
_c20130110
_lUCH01
_h2054
590 _aBATCH-UPD
_b10
_c20130410
_lUCH01
_h1407
590 _aBATCH-UPD
_b10
_c20130914
_lUCH01
_h1917
590 _aCONVERSION
_b10
_c20130109
_lUCH01
_h1310
650 1 4 _aPlantas
_xNutrición.
_988874
901 _aBK
942 _cLIBRO
949 _a581.1335 H63
_bBC
_cLIBRO
_d33724000546586
_eLIBRO
_h9299
_i20890
_si
999 _c15836
_d15836